00721 2200277 4500001002100000005001500021035002000036007000300056008004100059040001700100100001700117245006900134250001300203300002200216041000800238082001100246084001700257090001400274260003200288600001000320700001700330990002400347990002400371990002400395990002400419INLIS00000000000267220260601080829 a0010-0620000045ta260601 d 1  aSBPUPADbind0 aAriesta Wong1 aMy Dandelion :bWish Will Come True /cAriesta Wong;editor, Maya a--cet--5 a249 hlm. ;c19 cm aind a808.83 a808.83 ARI m a150 DIM p a--Yogyakarta :bAndi,c2017 4aNovel0 aeditor, Maya a33.298/DAK/DPK/2019 a33.296/DAK/DPK/2019 a33.297/DAK/DPK/2019 a33.295/DAK/DPK/2019